Study guide [to] essentials of psychology /

This book is about: Biology and behavior; Sensation and perception; Consciousness; ...

Guardado en:
Detalles Bibliográficos
Autor principal: Allman, Amanda.
Otros Autores: Bernstein, Douglas A., Nash, Peggy W.
Formato: Libro
Lenguaje:English
Publicado: Boston : Houghton Mifflin, 1999.
Materias:
Etiquetas: Agregar Etiqueta
Sin Etiquetas, Sea el primero en etiquetar este registro!
Thư viện lưu trữ: Mạng thư viện Đại học Đà Nẵng
LEADER 00974cam a2200349 i 4500
001 000049615
003 9609
005 20041027075452.0
008 010403b1999 vm 000 eng
020 |a 0395870739 
040 |a IRC  |c IRC  |d IRC 
041 0 |a eng 
082 1 4 |a 150  |b AL-A 
100 1 |a Allman, Amanda. 
245 1 0 |a Study guide [to] essentials of psychology /  |c Amanda Allman, Douglas A. Bernstein, Peggy W. Nash. 
260 |a Boston :  |b Houghton Mifflin,  |c 1999. 
300 |a 212 p. ;  |c 28 cm. 
520 3 |a This book is about: Biology and behavior; Sensation and perception; Consciousness; ... 
630 0 4 |a Psychology. 
650 0 4 |a Psychology. 
700 1 |a Bernstein, Douglas A. 
700 1 |a Nash, Peggy W. 
OWN |a DUT 
999 |a From the UDN01 
TYP |a Monograph 
TYP |a Printed language 
980 |a Mạng thư viện Đại học Đà Nẵng